Global Rebalancing : A Roadmap for Economic Recovery /

This book examines imbalances in seven major economies: China, France, Germany, India, Japan, the United Kingdom, and the United States, evaluating key indicators agreed on by the G20 for identifying large imbalances, including public and private debt and private saving, and countries external posit...

Ful tanımlama

Detaylı Bibliyografya
Yazar: Faruqee, Hamid
Diğer Yazarlar: Srinivasan, Krishna
Materyal Türü: Dergi
Dil:English
Baskı/Yayın Bilgisi: Washington, D.C. : International Monetary Fund, 2013.
Online Erişim:Full text available on IMF
LEADER 01510cas a2200205 a 4500
001 AALejournalIMF013158
008 230101c9999 xx r poo 0 0eng d
020 |z 9781475573664 
040 |a BD-DhAAL  |c BD-DhAAL 
100 1 |a Faruqee, Hamid. 
245 1 0 |a Global Rebalancing :   |b A Roadmap for Economic Recovery /  |c Hamid Faruqee, Krishna Srinivasan. 
264 1 |a Washington, D.C. :  |b International Monetary Fund,  |c 2013. 
300 |a 1 online resource (178 pages) 
500 |a <strong>Off-Campus Access:</strong> No User ID or Password Required 
500 |a <strong>On-Campus Access:</strong> No User ID or Password Required 
506 |a Electronic access restricted to authorized BRAC University faculty, staff and students 
520 3 |a This book examines imbalances in seven major economies: China, France, Germany, India, Japan, the United Kingdom, and the United States, evaluating key indicators agreed on by the G20 for identifying large imbalances, including public and private debt and private saving, and countries external position. The chapters describe a suite of corrective steps tailored for each country that, if implemented, could improve prospective economic outcomes, creating sustainable and balanced growth for these economies and serving as a model for other G20 countries. 
538 |a Mode of access: Internet 
700 1 |a Srinivasan, Krishna. 
856 4 0 |z Full text available on IMF  |u http://elibrary.imf.org/view/books/071/20068-9781475573664-en/20068-9781475573664-en-book.xml  |z IMF e-Library